000
00289nam a2200109Ia 4500
008
240521s1999 xx 000 0 und d
041
_a
eng
100
_a
BENG T. H.
245
_a
TROPICAL ARCHITECTURE AND INTERIORS.
260
_b
PAGE ONE PUBLISHING SINGAPORE 0511
_c
1999
300
_a
220
999
_c
1158125
_d
1158125